LEADER 01039nam1 2200325 450 001 990003667930203316 005 20120606083213.0 035 $a000366793 035 $aUSA01000366793 035 $a(ALEPH)000366793USA01 035 $a000366793 100 $a20120606g20109999km-y0itay50------ba 101 0 $aita 102 $aIT 105 $ay|||z|||001yy 200 1 $a<>altronovecento$ecomunismo eretico e pensiero critico 210 $aBrescia$cFondazione Luigi Micheletti$aMilano$cJaca book$d2010- 215 $avolumi$d24 cm 463 \1$1001990003667940203316$12001 $a<> <>età del comunismo sovietico$eEuropa: 1900-1945 463 \1$1001990003684460203316$12001 $a<> <> sistema e i movimenti 606 0 $aComunismo$zSec. 20.$2BNCF 676 $a320.532 801 0$aIT$bsalbc$gISBD 912 $a990003667930203316 951 $aX.3.B. 6549/$bL.M.$cX.3. 959 $aBK 969 $aUMA 979 $aANNAMARIA$b90$c20120606$lUSA01$h0832 996 $aAltronovecento$9226538 997 $aUNISA LEADER 00899nam a22002411i 4500 001 991001312179707536 005 20021210151255.0 008 021210s1982 it |||||||||||||||||ita 035 $ab12129665-39ule_inst 035 $aARCHE-021946$9ExL 040 $aDip.to Filologia Ling. e Lett.$bita$cA.t.i. Arché s.c.r.l. Pandora Sicilia s.r.l. 100 1 $aNewman, John Henry$018960 245 10$aOpere /$cJohn Henry Newman ; a cura di Giulio Colombi, Elio Guerriero 260 $aMilano :$bJaca Book,$c1982 300 $aVII, 406 p. ;$c24 cm 700 1 $aGuerriero, Elio 700 1 $aColombi, Giulio 907 $a.b12129665$b02-04-14$c01-04-03 912 $a991001312179707536 945 $aLE008 FL.M. (IN) M 69$g1$i2008000176655$lle008$o-$pE0.00$q-$rl$s- $t0$u0$v0$w0$x0$y.i12446841$z01-04-03 996 $aOpere$972196 997 $aUNISALENTO 998 $ale008$b01-04-03$cm$da $e-$fita$git $h0$i1